000 00377nam a22001337a 4500
020 _a0-471-84836-0
082 _a658.503 GES'P
100 _aGESSNER, ROBERT A
_980221
245 _aREPETITIVE MANUFACTURING PRODUCTION PLANNING
260 _aNEWYORK
_bJOHN WILEY
_c1988
300 _a198P
650 _aPRODUCTION PLANNING REPETITIVE MANUFACTURING SYSTEMS
_980222
942 _cBK
999 _c585179
_d585179